JR Chuo Line Rapid Stations, Tokyo, Japan - Statistics

General Stats
  • This quiz has been taken 462 times
  • The average score is 18 of 24
Answer Stats
Station No. Station % Correct
JC 01 Tokyo
98%
JC 05 Shinjuku
97%
JC 06 Nakano
91%
JC 02 Kanda
89%
JC 12 Mitaka
85%
JC 22 Hachioji
83%
JC 03 Ochanomizu
83%
JC 24 Takao
82%
JC 04 Yotsuya
81%
JC 19 Tachikawa
79%
JC 11 Kichijoji
74%
JC 16 Kokubunji
74%
JC 09 Ogikubo
74%
JC 10 Nishi Ogikubo
66%
JC 18 Kunitachi
65%
JC 17 Nishi Kokubunji
65%
JC 07 Koenji
63%
JC 23 Nishi Hachioji
63%
JC 20 Hino
61%
JC 08 Asagaya
60%
JC 21 Toyoda
59%
JC 15 Musashi Koganei
56%
JC 13 Musashi Sakai
56%
JC 14 Higashi Koganei
53%
No matching quizzes found
Score Distribution
Percent of People with Each Score
Percentile by Number Answered
Your Score History
You have not taken this quiz